000 00568nam a2200193Ia 4500
005 20250508162524.0
008 008 250505s9999 xx 000 0 eng d
037 _aTextual
040 _aFEDL
_beng
_cFEDL
041 _aeng
_2eng
084 _a181.4, JAH
_qFEDL
100 _aJha Hari Mohan
245 0 _aTrends of linguistic analysis in Indian philosophy
260 _aVaranasi, India
_bChaukhambha Orientalia 
_c1981
300 _axxii,212p.
650 _aOriental Philosophy
_9755543
942 _cTEXL
_h181.4, JAH
999 _c1377075
_d1377075